| 000 | 00748nam a2200253 a 4500 | ||
|---|---|---|---|
| 005 | 20200104041600.0 | ||
| 008 | 160106t1991 ck ||||fr|||| 00| 0 spa d | ||
| 020 | _a9586015254 | ||
| 040 |
_aCO-BoIAVH _cCO-BoIAVH |
||
| 041 | _aspa | ||
| 082 | 4 |
_a333.714 _bJ17e |
|
| 090 |
_aLB _b04836 |
||
| 100 | 1 |
_aJacobs, Michael _946945 |
|
| 245 | 1 |
_aEconomía verde _bmedio ambiente y desarrollo sostenible |
|
| 260 |
_aBogotá _bTercer Mundo S. A. _c1991 |
||
| 300 |
_a494 paginas. _c23 x 16 cm. |
||
| 650 | 4 |
_aMedio ambiente _946946 |
|
| 650 | 4 |
_adesarrollo sostenible _9278 |
|
| 650 | 4 |
_aGestión ambiental _946948 |
|
| 650 | 4 |
_aEconomia ambiental _946949 |
|
| 650 | 6 |
_aEconomiamedioambiental. _946950 |
|
| 942 |
_cLIBRO _2ddc |
||
| 945 | _d2007-06-07 | ||
| 999 |
_c5570 _d5570 |
||